| 000 | 01456nam a2200229 a 4500 | ||
|---|---|---|---|
| 001 | 000023240 | ||
| 005 | 20200930022100.0 | ||
| 008 | 101130s1995 mx a r 000 | spa d | ||
| 020 | _a9686898484 | ||
| 040 |
_aDO-SdBNP _bspa _cBNPHU |
||
| 082 |
_axxx _bE24c |
||
| 245 | 1 | 0 |
_aEducación y cultura : _brevista de los maestros españoles en el exilio, 1940 / _cselección y presentación de textos Valentina Cantón Arjona. |
| 260 |
_aMéxico : _bUniversidad Pedagógica Nacional, _c1995. |
||
| 300 |
_a127 p. : _bil. ; _c22 cm. |
||
| 440 | 0 |
_aTextos, _v2 _914460 |
|
| 500 | _aIncluye notas y citas al pie de páginas | ||
| 500 | _aIncluye bibliografía | ||
| 505 |
_tLuis Vives y el humanismo / _rJoaquín Xirau _tIdeas pedagógicas de Luis Vives / _rEmilia Elías de Ballesteros _tDon Francisco Giner de los Ríos _tEn el v aniversario de Manuel B. Cossío _tEl maestro, la escuela y el material de enseñanza / _rManuel B. Cossío _tLibertad y vocación / _rJoaquín Xirau _tMétodo de educación y estructura horizontal de la vida psíquica / _rJuan Roura-Parella _tLa labor educativa de la República Española (1931-1939) _tLa formación de los maestros en la República Española / _rFlorentino M. Torner _tLa reforma de inspección en la República Española / _rAntonio Ballesteros Usado _tLa segunda república y enseñanza superior en España / _rJosé Gaos |
||
| 700 | 1 |
_aCantón Arjona, Valentina _ecomp. _947861 |
|
| 830 | 0 |
_aTextos, _v2 _914460 |
|
| 049 | _aBNGR | ||
| 999 |
_c22737 _d22737 |
||